| 000 | 00000nas 2200000zi 4500 |
| 001 | 9.902009 |
| 003 | CaOODSP |
| 005 | 20250129135534 |
| 006 | m o d f |
| 007 | cr ||||||||||| |
| 008 | 210726d19771979oncqr p o f0###a0eng|d |
| 022 | |z0384-9759 |
| 040 | |aCaOODSP|beng|erda|cCaOODSP |
| 043 | |an-cn--- |
| 086 | 1 |aIC41-1E-PDF |
| 245 | 00|aSelected titles published by Government of Canada departments and agencies. |
| 246 | 34|aSelected titles. Government of Canada publications |
| 264 | 1|a[Ottawa] : |bSupply and Services Canada = Approvisionnement et Services Canada, |c[1977-1979] |
| 310 | |aQuarterly |
| 336 | |atext|2rdacontent |
| 337 | |acomputer|2rdamedia |
| 338 | |aonline resource|2rdacarrier |
| 362 | 1 |aBegan with : Spring 1977 ; ceased with : Winter 1979. |
| 500 | |aIssued also in French under title: Titres choisis publiés par les ministères et agences du Gouvernement du Canada. |
| 500 | |a"Distributed by the Publishing Centre, Supply and Services Canada." |
| 500 | |aDigitized edition from print [produced by Government of Canada Publications Directorate]. |
| 588 | |aDescription based on: Spring 1977. |
| 588 | |aLatest issue consulted: Winter 1979. |
| 650 | 0|aGovernment publications|zCanada|xBibliography|vPeriodicals. |
| 655 | 7|aPeriodicals|2lcgft |
| 710 | 2 |aCanadian Government Publishing Centre, |eissuing body. |
| 710 | 1 |aCanada. |bSupply and Services Canada, |eissuing body. |
| 775 | 08|tTitres choisis publié par les ministères et agences du gouvernement du Canada.|w(CaOODSP)9.902021 |
| 780 | 00|tSelected titles published by Government of Canada departments and agencies and by international organizations.|w(CaOODSP)9.944721 |